| 000 | 00820nam a2200265Ia 4500 | ||
|---|---|---|---|
| 003 | OSt | ||
| 005 | 20220916110924.0 | ||
| 006 | a|||||r|||| 00| 0 | ||
| 007 | ta | ||
| 008 | 220915b |||||||| |||| 00| 0 hin d | ||
| 020 | _a8170286026 (hbk) | ||
| 024 | _a531 | ||
| 037 | _b448, 19/03/2008, Swaraj Prakashan | ||
| 037 | _cTextbook | ||
| 040 |
_bhin _aARTS _cARTS |
||
| 041 | _ahin | ||
| 082 | _aO152,3N264,12, P5 | ||
| 100 | _aत्रिपाठी, रमानाथ | ||
| 245 | 0 | _aवनफूल | |
| 246 | _aVanafūla | ||
| 260 |
_aदिल्ली _bराजपाल भारत _c2005 |
||
| 300 |
_a290पृ0 _ccm. |
||
| 942 |
_hO152,3N264,12, P5 _cTB _2CC |
||
| 999 |
_c101487 _d101487 |
||